000 00648nam a22002417a 4500
003 OSt
005 20240420113403.0
008 211119b ||||| |||| 00| 0 eng d
020 _a978-0670878598
040 _cAL
041 _aeng
082 _223
_a338.092
_bMERA
100 _aMinhaz Merchant
_910673
245 _aAditya Vikram Birla: A Biography
260 _aNew Delhi
_bViking
_c1997
300 _aviii,304 p.
_bHB
_c23X16 cm.
365 _b395.00
_c
_d395.00
650 _aBiography
_910674
650 _aProduction Economics
_919575
650 _aBusiness Dynasty
_919576
700 _aMERCHANT (Minhaz)
_910678
942 _2ddc
_cGF
999 _c220698
_d220698